000
00265nam a22000977a 4500
999
_c
11298
_d
11298
008
190205b ||||| |||| 00| 0 eng d
020
_a
9781841261754
100
_a
Meler Ralf
_9
7040
245
_a
Pilates (Improve your Wellness)
260
_a
UK
_b
Meyer & Meyer sport
_c
2006